000 00503nam a2200157 i 4500
001 52450
003 ES-MaACL
005 20230906162602.0
007 t|
008 030829s1924 sp ||||1| spa d
100 1 _aDávalos y Lissón, Pedro.
_942853
245 1 0 _aSan Martín (1820-1822)
_b: episodio de la independencia peruana /
_cPedro Dávalos y Lissón.
260 _aBarcelona :
_bMontaner y Simón,
_c1924.
300 _a275 p., 5 lám. :
_bil. ;
_c24 cm.
852 _aES-MaACL
_jF-15345
_bR.18396
999 _c52450
_d52450